Statystyki dla Największe dzienniki regionalne

Kliknij tutaj aby rozwiązać quiz!

Ogólne statystyki

  • Ten quiz został rozwiązany 7 razy
  • Średni wynik to 2 z 10

Statystyki odpowiedzi

Sprzedaż ogółemTytuł% Poprawnych
20 854Dziennik Zachodni
50%
26 175Gazeta Pomorska
50%
13 389Dziennik Bałtycki
33%
11 034Dziennik Polski
33%
12 694Dziennik Łódzki
17%
10 900Echo Dnia
17%
15 063Express Ilustrowany
17%
18 893Głos Wielkopolski
17%
12 363Gazeta Lubuska
0%
12 993Głos Dziennik Pomorza
0%

Rozkład punktacji

Percentyl według liczby udzielonych odpowiedzi

Procent ludzi z każdym wynikiem

Twoja historia wyników

Nie rozwiązałeś tego quizu